000 00230nam a22000857a 4500
008 160812b xxu||||| |||| 00| 0 eng d
100 _9128
_aArora S
245 _aInformation practices-XII
260 _aNew Delhi
_bDhanpat publication
_c2011
999 _c2783
_d2783